000 00405 a2200169 4500
001 46044
020 _a978-85-89526-32-6
040 _cAnchieta - Aquarius
100 _aGalrão, Iray
240 1 0 _aBia a nuvem que não queria chover
_lpor
245 1 0 _aBia a nuvem que não queria chover
300 _a
362 0 _a2011
440 1 _aKalango
650 4 _aLiteratura infanto-juvenil
942 _cBK
999 _c46044
_d46044